[Event "Francophonie-chT Rapid"]
[Site "Tornelo INT"]
[Date "2022.06.04"]
[Round "6.1"]
[White "Ouellet, Maili Jade"]
[Black "Rapaire, Jean Michel"]
[Result "1-0"]
[WhiteElo "2212"]
[BlackElo "1707"]
[PlyCount "79"]
[EventDate "2022.06.04"]
[EventType "team-swiss (rapid)"]
[EventRounds "11"]
[EventCountry "FRA"]
[SourceTitle "CBM 208 Extra"]
[Source "ChessBase"]
[SourceDate "2022.07.31"]
[SourceVersion "1"]
[SourceVersionDate "2022.07.31"]
[SourceQuality "1"]
[WhiteTeam "Quebec"]
[BlackTeam "Monaco"]
[WhiteTeamCountry "CAN"]
[BlackTeamCountry "MNC"]

1. d4 d6 2. c4 e5 3. Nf3 exd4 4. Nxd4 Nf6 5. Nc3 Be7 6. e4 0-0 7. Be2 Nc6 8. Be3 Nxd4 9. Bxd4 h6 10. 0-0 Nh7 11. Qd2 Bf6 12. Be3 Bxc3 13. Qxc3 Qf6 14. Bd4 Qg6 15. f3 Ng5 16. Kh1 Ne6 17. Be3 f6 18. Bd3 Qf7 19. f4 b6 20. b4 Bb7 21. Rae1 c5 22. b5 a6 23. f5 Ng5 24. Bf4 Rfd8 25. h4 Nh7 26. Bc2 Kh8 27. a4 Qe7 28. Qg3 Rd7 29. Rf2 d5 30. cxd5 Bxd5 31. Rd2 Bb7 32. Rde2 axb5 33. axb5 Ra5 34. e5 fxe5 35. Rxe5 Qf7 36. Re8+ Nf8 37. Bd6 Ra8 38. Bxf8 Rxe8 39. Bxg7+ Qxg7 40. Rxe8+ 1-0

[Event "EU Small Countries ol 7th"]
[Site "Sliema"]
[Date "2021.11.29"]
[Round "3.4"]
[White "Rapaire, Jean Michel"]
[Black "Nevska, Gerda"]
[Result "1/2-1/2"]
[WhiteElo "1739"]
[BlackElo "1834"]
[PlyCount "49"]
[EventDate "2021.11.28"]
[EventType "team-tourn"]
[EventRounds "9"]
[EventCountry "MLT"]
[SourceTitle "CBM 205 Extra"]
[Source "ChessBase"]
[SourceDate "2022.01.31"]
[SourceVersion "1"]
[SourceVersionDate "2022.01.31"]
[SourceQuality "1"]
[WhiteTeam "Monaco"]
[BlackTeam "Guernsey"]
[WhiteTeamCountry "MNC"]
[BlackTeamCountry "GCI"]

1. e4 g6 2. d4 Bg7 3. Nf3 c5 4. dxc5 Qa5+ 5. c3 Qxc5 6. Be3 Qa5 7. Qd5 Qxd5 8. exd5 Nf6 9. Bd4 0-0 10. c4 Re8 11. Nc3 a6 12. Bd3 d6 13. h3 e5 14. dxe6 Bxe6 15. 0-0 Nc6 16. a3 Rac8 17. Ne4 Nxe4 18. Bxg7 Nxf2 19. Rxf2 Kxg7 20. b3 h6 21. Rd1 Red8 22. Be4 Rc7 23. Rfd2 Rcd7 24. Bxc6 bxc6 25. Nd4 1/2-1/2

[Event "Europe Echecs online op April"]
[Site "Europe Echecs INT"]
[Date "2020.04.11"]
[Round "9"]
[White "Rapaire, Jean Michel"]
[Black "Gourarier, Emmanuel"]
[Result "1-0"]
[WhiteElo "1698"]
[BlackElo "1646"]
[PlyCount "114"]
[EventDate "2020.04.11"]
[EventType "swiss (blitz)"]
[EventRounds "11"]
[EventCountry "FRA"]
[SourceTitle "EXT 2021"]
[Source "ChessBase"]
[SourceDate "2020.10.23"]
[SourceVersion "1"]
[SourceVersionDate "2020.10.23"]
[SourceQuality "1"]

1. e4 g6 2. d4 Bg7 3. Nf3 Nc6 4. c3 d6 5. Bc4 Nf6 6. Nbd2 Bg4 7. h3 Bd7 8. 0-0 0-0 9. Re1 Na5 10. Bd3 a6 11. e5 dxe5 12. Nxe5 Nh5 13. Nxd7 Qxd7 14. Qe2 Nf4 15. Qf1 Nxd3 16. Qxd3 e5 17. Nf3 Rfe8 18. Bd2 Nc6 19. d5 Na7 20. Qc4 b5 21. Qb3 c5 22. Be3 c4 23. Qc2 Qxd5 24. Rad1 Qb7 25. Rd2 e4 26. Nd4 Rad8 27. Red1 Rd7 28. Ne2 Rxd2 29. Rxd2 Nc6 30. Qd1 Ne5 31. Bd4 Nd3 32. Bxg7 Kxg7 33. Ng3 Qe7 34. Nf1 Qf6 35. Ne3 Qf4 36. Qg4 Qxg4 37. Nxg4 f5 38. Ne3 h5 39. Kf1 f4 40. Nd5 Re5 41. Nc7 a5 42. a3 Rc5 43. Ne6+ Kf6 44. Nxc5 Nxc5 45. Rd6+ Ke5 46. Rxg6 Nd3 47. Rg5+ Kf6 48. Rxb5 e3 49. fxe3 fxe3 50. Ke2 Nf4+ 51. Kxe3 Nxg2+ 52. Kf3 Ne1+ 53. Kg3 Nc2 54. Rxh5 Ne3 55. Rxa5 Nd1 56. Rb5 Kg6 57. a4 Nxb2 1-0

[Event "EU-Cup 32nd"]
[Site "Novi Sad"]
[Date "2016.11.11"]
[Round "6.6"]
[White "Rapaire, Jean Michel"]
[Black "Antunes, Andre Serigado Mira"]
[Result "0-1"]
[WhiteElo "1779"]
[BlackElo "1987"]
[PlyCount "46"]
[EventDate "2016.11.06"]
[EventType "team-swiss"]
[EventRounds "7"]
[EventCountry "SRB"]
[SourceTitle "CBM 176"]
[Source "ChessBase"]
[SourceDate "2017.01.17"]
[SourceVersion "1"]
[SourceVersionDate "2017.01.17"]
[SourceQuality "1"]
[WhiteTeam "Monte Carlo"]
[BlackTeam "Edinburgh"]
[WhiteTeamCountry "MNC"]
[BlackTeamCountry "SCO"]

1. e4 e6 2. d4 d5 3. exd5 exd5 4. Bf4 Bd6 5. Bxd6 Qxd6 6. c3 Bf5 7. Nf3 Nd7 8. Bd3 Bxd3 9. Qxd3 0-0-0 10. 0-0 f6 11. Re1 g5 12. Qf5 Nh6 13. Qe6 Qf4 14. Qe3 Qf5 15. Na3 Qg6 16. Qd2 Nf5 17. Qd3 g4 18. Nd2 Rde8 19. Nc2 Qg5 20. Ne3 Nh4 21. g3 Ng6 22. Qf5 Rxe3 23. Qxg5 Rxe1+ 0-1

[Event "EU-Cup 32nd"]
[Site "Novi Sad"]
[Date "2016.11.06"]
[Round "1.6"]
[White "Rapaire, Jean Michel"]
[Black "Rieger, Robert"]
[Result "0-1"]
[WhiteElo "1779"]
[BlackElo "2287"]
[PlyCount "56"]
[EventDate "2016.11.06"]
[EventType "team-swiss"]
[EventRounds "7"]
[EventCountry "SRB"]
[SourceTitle "CBM 176"]
[Source "ChessBase"]
[SourceDate "2017.01.17"]
[SourceVersion "1"]
[SourceVersionDate "2017.01.17"]
[SourceQuality "1"]
[WhiteTeam "Monte Carlo"]
[BlackTeam "Maria Saal"]
[WhiteTeamCountry "MNC"]
[BlackTeamCountry "AUT"]

1. e4 c5 2. Nf3 Nc6 3. Bb5 d6 4. Bxc6+ bxc6 5. c4 Bg4 6. Nc3 Nf6 7. h3 Bh5 8. b3 e5 9. d3 Be7 10. Bd2 0-0 11. Rb1 Ne8 12. g4 Bg6 13. Ne2 f6 14. Nh4 d5 15. Nf5 Nd6 16. Neg3 Re8 17. Nxe7+ Rxe7 18. f3 Rd7 19. Qe2 Ne8 20. Qf2 dxe4 21. dxe4 Rd3 22. Rb2 a5 23. Qxc5 Rxf3 24. Nf5 Bxf5 25. exf5 Qd3 26. Qxc6 Rd8 27. a3 e4 28. Rg1 Qd4 0-1

[Event "EU-Cup 29th"]
[Site "Rhodes"]
[Date "2013.10.20"]
[Round "1.6"]
[White "Rapaire, Jean Michel"]
[Black "Tuncer, Ufuk"]
[Result "0-1"]
[WhiteElo "1865"]
[BlackElo "2317"]
[PlyCount "70"]
[EventDate "2013.10.20"]
[EventType "team-swiss"]
[EventRounds "7"]
[EventCountry "GRE"]
[SourceTitle "CBM 157"]
[Source "ChessBase"]
[SourceDate "2013.11.12"]
[SourceVersion "1"]
[SourceVersionDate "2013.11.12"]
[SourceQuality "1"]
[WhiteTeam "Monte Carlo"]
[BlackTeam "Wirtzfeld"]
[WhiteTeamCountry "MNC"]
[BlackTeamCountry "BEL"]

1. e4 c5 2. Nf3 d6 3. Bc4 Nf6 4. d3 Nc6 5. c3 g6 6. Nbd2 Bg7 7. Nf1 0-0 8. Ng3 Na5 9. Bb5 a6 10. Ba4 b5 11. Bc2 e5 12. 0-0 Nc6 13. h3 Nd7 14. Nh2 b4 15. Ng4 Ne7 16. Bh6 f5 17. Bxg7 Kxg7 18. exf5 Nxf5 19. Qd2 bxc3 20. bxc3 Nf6 21. Nxf5+ gxf5 22. Qg5+ Kh8 23. Nxf6 Rxf6 24. Rab1 Qf8 25. f4 Rg6 26. Qh5 Ra7 27. Rb8 Rag7 28. g4 fxg4 29. h4 Rf6 30. d4 cxd4 31. cxd4 exf4 32. Rfb1 f3 33. R1b7 Bxb7 34. Rxf8+ Rxf8 35. Bf5 g3 0-1

[Event "EU-Cup 25th"]
[Site "Ohrid"]
[Date "2009.10.07"]
[Round "4.6"]
[White "Rapaire, Jean Michel"]
[Black "Zarkaj, Artur"]
[Result "0-1"]
[WhiteElo "1941"]
[BlackElo "1979"]
[PlyCount "83"]
[EventDate "2009.10.04"]
[EventType "team-swiss"]
[EventRounds "7"]
[EventCountry "MKD"]
[SourceTitle "CBM 133"]
[Source "ChessBase"]
[SourceDate "2009.11.19"]
[SourceVersion "1"]
[SourceVersionDate "2009.11.19"]
[SourceQuality "1"]
[WhiteTeam "Monte Carlo"]
[BlackTeam "Roskovec"]
[WhiteTeamCountry "MNC"]
[BlackTeamCountry "ALB"]

1. e4 c5 2. Nf3 d6 3. Bc4 Nf6 4. d3 g6 5. c3 Bg7 6. 0-0 0-0 7. Nbd2 Nc6 8. Re1 Na5 9. Bb5 a6 10. Ba4 b5 11. Bc2 e5 12. Nf1 Nc6 13. h3 h6 14. Be3 Nd7 15. a4 b4 16. c4 f5 17. exf5 gxf5 18. Rb1 a5 19. Bc1 Ra7 20. Ng3 Nf6 21. b3 Be6 22. Bb2 f4 23. Ne4 Kh8 24. Kf1 Bf7 25. Ke2 Bh5 26. Kd2 Rg8 27. Rg1 Rf7 28. Qe2 Ne8 29. Rbe1 Nc7 30. Kc1 Ne6 31. Ned2 Bf6 32. Qe4 Qd7 33. g4 fxg3 34. fxg3 Ng5 35. Nxg5 Bxg5 36. h4 Bf3 37. hxg5 Bxe4 38. Nxe4 hxg5 39. Rh1+ Kg7 40. Nxg5 Rh8 41. Rxh8 Kxh8 42. Rh1+ 0-1

[Event "EU-Cup 24th"]
[Site "Kallithea"]
[Date "2008.10.20"]
[Round "4"]
[White "Rapaire, Jean Michel"]
[Black "Howell, Alun"]
[Result "1-0"]
[WhiteElo "1956"]
[BlackElo "1879"]
[PlyCount "79"]
[EventDate "2008.10.17"]
[EventType "team-swiss"]
[EventRounds "7"]
[EventCountry "GRE"]
[SourceTitle "CBM 127"]
[Source "ChessBase"]
[SourceDate "2008.11.13"]
[SourceVersion "1"]
[SourceVersionDate "2008.11.13"]
[SourceQuality "1"]
[WhiteTeam "Monaco"]
[BlackTeam "Cwmbran"]
[WhiteTeamCountry "MNC"]
[BlackTeamCountry "WLS"]

1. e4 c5 2. Nf3 d6 3. Bb5+ Bd7 4. Qe2 Nc6 5. 0-0 Nf6 6. Re1 e6 7. c3 Qb6 8. Ba4 Be7 9. Qb5 Qc7 10. Qe2 0-0 11. Bc2 a6 12. d3 h6 13. h3 b5 14. Nbd2 Rfe8 15. Nf1 Bf8 16. e5 dxe5 17. Nxe5 Nxe5 18. Qxe5 Bd6 19. Qe2 Bc6 20. Nd2 Rad8 21. Ne4 Nxe4 22. dxe4 Bh2+ 23. Kh1 Bf4 24. Be3 c4 25. Rad1 Bxe3 26. Qxe3 Rxd1 27. Rxd1 Rd8 28. Rd2 Rxd2 29. Qxd2 Qd7 30. Qxd7 Bxd7 31. e5 Bc6 32. Kg1 f5 33. f4 Kf7 34. Kf2 Ke7 35. g3 g6 36. Ke3 Kd7 37. Kd4 Kc7 38. Kc5 Bd5 39. a4 Bc6 40. axb5 1-0

[Event "EU-Cup 24th"]
[Site "Kallithea"]
[Date "2008.10.18"]
[Round "2"]
[White "Karagiannis, Athanasios"]
[Black "Rapaire, Jean Michel"]
[Result "1-0"]
[WhiteElo "2341"]
[BlackElo "1956"]
[PlyCount "69"]
[EventDate "2008.10.17"]
[EventType "team-swiss"]
[EventRounds "7"]
[EventCountry "GRE"]
[SourceTitle "CBM 127"]
[Source "ChessBase"]
[SourceDate "2008.11.13"]
[SourceVersion "1"]
[SourceVersionDate "2008.11.13"]
[SourceQuality "1"]
[WhiteTeam "Thessaloniki Galaxias"]
[BlackTeam "Monaco"]
[WhiteTeamCountry "GRE"]
[BlackTeamCountry "MNC"]

1. b3 e5 2. Bb2 d6 3. e3 Nf6 4. d4 exd4 5. exd4 d5 6. Nf3 Bd6 7. Bd3 Bg4 8. 0-0 Bxf3 9. Qxf3 0-0 10. c4 c6 11. Nc3 a5 12. Rad1 Na6 13. Qh3 Nc7 14. c5 Bf4 15. Na4 Ne6 16. Nb6 Ra7 17. Rfe1 Re8 18. Bf5 Nf8 19. Bc1 Rxe1+ 20. Rxe1 Bxc1 21. Rxc1 Ra6 22. Re1 Rxb6 23. cxb6 Qxb6 24. Qc3 g6 25. Bh3 Ne4 26. Qe3 f5 27. f3 Nd6 28. g4 Nb5 29. Rd1 fxg4 30. Bxg4 Qc7 31. Re1 Nd6 32. Qg5 Nf7 33. Qf6 Qd6 34. Be6 Nxe6 35. Rxe6 1-0

[Event "EU-Cup 23rd"]
[Site "Kemer"]
[Date "2007.10.08"]
[Round "6.6"]
[White "Rapaire, Jean Michel"]
[Black "Ochsner, Bjorn Moller"]
[Result "1-0"]
[WhiteElo "1966"]
[BlackElo "1879"]
[PlyCount "103"]
[EventDate "2007.10.03"]
[EventType "team-swiss"]
[EventRounds "7"]
[EventCountry "TUR"]
[SourceTitle "CBM 121"]
[Source "ChessBase"]
[SourceDate "2007.11.14"]
[SourceVersion "1"]
[SourceVersionDate "2007.11.14"]
[SourceQuality "1"]
[WhiteTeam "Monte Carlo"]
[BlackTeam "Aarhus"]
[WhiteTeamCountry "MNC"]
[BlackTeamCountry "DEN"]

1. e4 c5 2. Nf3 d6 3. Bb5+ Nc6 4. e5 a6 5. Bxc6+ bxc6 6. exd6 exd6 7. Qe2+ Qe7 8. Qxe7+ Nxe7 9. h3 g6 10. d4 cxd4 11. Nxd4 Bg7 12. c3 0-0 13. 0-0 Bb7 14. Bf4 Rad8 15. Nd2 Be5 16. Bh6 Rfe8 17. N2b3 c5 18. Nc2 Nf5 19. Bd2 Bf6 20. Rae1 Be4 21. Na3 Bd3 22. Rxe8+ Rxe8 23. Re1 Rxe1+ 24. Bxe1 Bg5 25. Bd2 Bxd2 26. Nxd2 Kf8 27. Nac4 Ke7 28. Ne3 Ke6 29. Nxf5 Kxf5 30. f3 d5 31. Nb3 c4 32. Nd4+ Ke5 33. Kf2 f5 34. g3 g5 35. a3 h6 36. Nc6+ Kd6 37. Nb4 a5 38. Nxd3 cxd3 39. b3 d4 40. cxd4 Kd5 41. Ke3 d2 42. Kxd2 Kxd4 43. b4 a4 44. Ke2 f4 45. Kf2 Kc4 46. g4 Kb3 47. b5 Kxa3 48. b6 Ka2 49. b7 a3 50. b8Q Ka1 51. Ke2 h5 52. Kd2 1-0

[Event "FRA-chT3 Gr01 0607"]
[Site "France"]
[Date "2007.04.01"]
[Round "9.6"]
[White "Sabatie, Jean Louis"]
[Black "Rapaire, Jean Michel"]
[Result "1-0"]
[WhiteElo "2105"]
[BlackElo "1979"]
[PlyCount "61"]
[EventDate "2006.10.15"]
[EventType "team-tourn"]
[EventRounds "9"]
[EventCountry "FRA"]
[SourceTitle "EXT 2008"]
[Source "ChessBase"]
[SourceDate "2007.11.25"]
[SourceVersion "1"]
[SourceVersionDate "2007.11.25"]
[SourceQuality "1"]

1. e4 d5 2. exd5 Qxd5 3. Nc3 Qa5 4. g3 c6 5. Bg2 Bf5 6. Nge2 e6 7. 0-0 Be7 8. d3 Nf6 9. h3 0-0 10. g4 Bg6 11. Ng3 Bc5 12. Kh1 Bd6 13. f4 Nbd7 14. Nce4 Qc7 15. Nxd6 Qxd6 16. Bd2 h6 17. Qf3 Qd5 18. Qf2 Qb5 19. b3 a5 20. Ne4 Bxe4 21. dxe4 a4 22. e5 Nh7 23. Bc3 axb3 24. axb3 Ra6 25. Rxa6 Qxa6 26. Ra1 Qb6 27. Qd2 Nb8 28. Ba5 Qb5 29. Qe3 Re8 30. c4 Qa6 31. Bc3 1-0